Introduction to management science / (Record no. 2923)

MARC details
000 -LEADER
fixed length control field 00583nam a2200205 a 4500
001 - CONTROL NUMBER
control field 2925
005 - DATE AND TIME OF LATEST TRANSACTION
control field 20221127090627.0
008 - FIXED-LENGTH DATA ELEMENTS--GENERAL INFORMATION
fixed length control field 121007s lxxua | 00100 eng d
020 ## - INTERNATIONAL STANDARD BOOK NUMBER
International Standard Book Number 9780273766407(pbk) :
Terms of availability SR189.00
035 ## - SYSTEM CONTROL NUMBER
System control number 243
082 04 - DEWEY DECIMAL CLASSIFICATION NUMBER
Classification number 658.4032
Item number T212 2013
100 1# - MAIN ENTRY--PERSONAL NAME
Personal name Taylor, Bernard W.
245 10 - TITLE STATEMENT
Title Introduction to management science /
Statement of responsibility, etc. Bernard W. Taylor.
250 ## - EDITION STATEMENT
Edition statement 11th ed.
260 ## - PUBLICATION, DISTRIBUTION, ETC.
Place of publication, distribution, etc. Boston, Mass. :
Name of publisher, distributor, etc. Pearson,
Date of publication, distribution, etc. 2013.
300 ## - PHYSICAL DESCRIPTION
Extent 840 p. :
Other physical details ill. ;
Dimensions 26 cm.
500 ## - GENERAL NOTE
General note Includes index.
650 #4 - SUBJECT ADDED ENTRY--TOPICAL TERM
Topical term or geographic name entry element Management science.
650 #4 - SUBJECT ADDED ENTRY--TOPICAL TERM
Topical term or geographic name entry element Operations research.
Holdings
Withdrawn status Lost status Source of classification or shelving scheme Damaged status Not for loan Home library Current library Date acquired Total Checkouts Full call number Barcode Date last seen Copy number Price effective from Koha item type
              11/27/2022   658.4032 T212 2013 1000000010979 11/27/2022 C6 11/27/2022 Book
              11/27/2022   658.4032 T212 2013 1000000010978 11/27/2022 C7 11/27/2022 Book
          CENTRAL CENTRAL 11/27/2022   658.4032 T212 2013 1000000007010 11/27/2022 C1 11/27/2022 Book
          CENTRAL CENTRAL 11/27/2022   658.4032 T212 2013 1000000007009 11/27/2022 C2 11/27/2022 Book
          CENTRAL CENTRAL 11/27/2022   658.4032 T212 2013 1000000007012 11/27/2022 C3 11/27/2022 Book
          CENTRAL CENTRAL 11/27/2022   658.4032 T212 2013 1000000007011 11/27/2022 C5 11/27/2022 Book
          KHOBAR KHOBAR 11/27/2022   658.4032 T212 2013 1000000007013 11/27/2022 C4 11/27/2022 Book